| 000 | 01639aam a2200301 i 4500 | ||
|---|---|---|---|
| 001 | 768714001 | ||
| 003 | CO-MdFUSB | ||
| 005 | 20241203085938.0 | ||
| 007 | ta | ||
| 008 | 190808t1997 ilu |||| |||| 00| 0 eng d | ||
| 020 | _a0830818855 | ||
| 040 |
_bspa _aCO-MdFUSB _cCO-MdFUSB _dCO-MdFUSBC _erda |
||
| 041 | _aeng | ||
| 082 | 0 | 4 |
_a22 _2235.4 _bB789 |
| 100 | 1 |
_aBoyd, Gregory A. _eautor |
|
| 245 | 1 | 0 |
_aGod at war : the Bible and spiritual conflict _c/ Gregory A. Boyd |
| 264 | 1 |
_aDowners Grove, Illinois : _bInterVarsity Press, _c[1997] |
|
| 264 | 4 | _c© 1997 | |
| 300 |
_a414 páginas _c; 23 cm |
||
| 336 |
_atexto _btxt _2rdacontent |
||
| 337 |
_2rdamedia _asin mediación _bn |
||
| 338 |
_2rdacarrier _avolumen _bnc |
||
| 505 | _aEscuchando a Zosia: el problema con el problema del mal. -- Encerrando el mar embravecido: el ambiente hostil de la Tierra. --Matar Leviatán: guerra cósmica y la preservación y restauración de la creación. -- Juzgar a "los Dioses": el conflicto de Yahweh con los seres angelicales en el Antiguo Testamento. -- Reprendiendo al adversario: la actividad y el origen de Satanás en el Antiguo Testamento. -- Atar al hombre fuerte: el reino de Dios como concepto de guerra. -- Guerra de los mundos: el tema de la guerra de los exorcismos y milagros de Jesús. -- Asaltando las puertas del infierno: conflicto del reino en las enseñanzas de Jesús. -- Christus Victor: el significado de la guerra de la muerte y resurrección de Cristo. -- Involucrar a los poderes: la vida cristiana como guerra espiritual. | ||
| 563 | _aRústico | ||
| 653 | _aGuerra espiritual | ||
| 942 | _cBK | ||
| 945 | _aJTF-925 | ||
| 999 |
_c45151 _d45151 |
||